000 00635nam a2200277Ia 4500
005 20260324133254.0
008 008 260324s9999 xx 000 0 eng d
020 _a9780203503171
037 _aEBOOK
040 _aCRL
040 _beng
040 _cCRL
041 _2eng
041 _aeng
084 _qCRL
100 _aThomas Henry Huxley
_91192454
245 0 _aMan's Place in Nature, 1863
260 _bTaylor and Francis
260 _c2003
365 _a
365 _b660
856 _uhttp://www.taylorfrancis.com/books/9780203503171
942 _cEBOOK
999 _c1791346
_d1791346